Microsoft Access 2002

Salvato in:
Dettagli Bibliografici
Autore principale: Barker, Scott F.
Natura: Libro
Lingua:ceco
Pubblicazione: Praha Computer Press 2002
Serie:Microsoft Office xp
Soggetti:
Tags: Aggiungi Tag
Nessun Tag, puoi essere il primo ad aggiungerne!!

MARC

LEADER 00000nam$a2200000$$$4500
001 0012513
005 20240315114552.3
020 |a 80-7226-611-X 
041 0 |a cze 
044 |a CZ 
245 1 0 |a Microsoft Access 2002  |c Scott F. Barker 
264 1 |a Praha  |b Computer Press  |c 2002 
300 |a 631 s. 
490 1 |a Microsoft Office xp 
830 0 |a Microsoft Office xp 
610 2 0 |a programovanie 
610 2 0 |a jazyky programovacie 
100 1 |a Barker, Scott F.